000 00630nam a2200241Ia 4500
003 OSt
005 20220918192703.0
006 a|||||r|||| 00| 0
007 ta
008 220917b |||||||| |||| 00| 0 eng d
024 _a69,624
037 _cTextual
040 _aARTS
_cARTS
_beng
041 _2eng
_aeng
082 _aQ4, E0 (=)-;1-;2 (Q4)
100 _aDavids T W Rhys
_927436
245 0 _aEarly Buddhism
260 _aDelhi
_bBharatiya Pub House
_c1010
300 _a89p.
_ccm.
650 _aRELIGION
942 _hQ4, E0 (=)-;1-;2 (Q4)
_cTEXL
_2CC
999 _c195764
_d195764